Tractat sobre la tolerància i altres escrits / Voltaire ; traducció de Maria Ginés ; edició a cura de Jaume Casals i Pons ; pròleg de Joan Fuster ; introducció de Francesc Lafarga
Descripción Física:
227 p. ; 19 cm
Colección:
Clàssics del pensament modern ; 40
MARC
| LEADER | 00000nam a2200000Ia 4500 | ||
|---|---|---|---|
| 001 | 8035 | ||
| 008 | 160829s1988 xx 000 0 cat d | ||
| 080 | |a F-1-22 | ||
| 100 | |a Voltaire |9 36579 | ||
| 245 | |a Tractat sobre la tolerància i altres escrits / Voltaire ; traducció de Maria Ginés ; edició a cura de Jaume Casals i Pons ; pròleg de Joan Fuster ; introducció de Francesc Lafarga | ||
| 260 | |a Barcelona : |b Edicions 62 : |b Diputació de Barcelona, |c 1988 | ||
| 300 | |a 227 p. ; |c 19 cm | ||
| 490 | |a Clàssics del pensament modern ; 40 | ||
| 650 | |a Filosofia francesa |x S. XVIII |9 36580 | ||
| 650 | |a Tolerància |9 36581 | ||
| 700 | 1 | |a Ginés, Maria |9 34196 | |
| 700 | |a Casals Pons, Jaume, ed. |9 36582 | ||
| 700 | 1 | |a Fuster, Joan |9 36583 | |
| 700 | 1 | |a Lafarga Maduell, Francisco |9 36584 | |
| 710 | 1 | |a Barcelona (Catalunya : Província). |b Diputació |9 52408 | |
| 901 | |a Arxiu | ||
| 942 | |n 1 | ||
| 952 | |0 0 |1 0 |4 0 |6 F122 |7 1 |9 47369 |a Arxiu |b Arxiu |d 2016-12-01 |l 0 |o F-1-22 |p 8035 |r 2016-12-01 00:00:00 |w 2016-12-01 |y ARXIU | ||
| 999 | |c 51167 |d 51167 | ||